Studies in Architectural History Vol 1 (Record no. 3880)
[ view plain ]
| 000 -LEADER | |
|---|---|
| fixed length control field | 00278nam a2200109Ia 4500 |
| 008 - FIXED-LENGTH DATA ELEMENTS--GENERAL INFORMATION | |
| fixed length control field | 200302s9999 xx 000 0 und d |
| 100 ## - MAIN ENTRY--PERSONAL NAME | |
| Personal name | William A. Singleton |
| 245 ## - TITLE STATEMENT | |
| Title | Studies in Architectural History Vol 1 |
| 260 ## - PUBLICATION, DISTRIBUTION, ETC. | |
| Name of publisher, distributor, etc. | Shubhi Publication |
| 260 ## - PUBLICATION, DISTRIBUTION, ETC. | |
| Date of publication, distribution, etc. | 2014 |
| 300 ## - PHYSICAL DESCRIPTION | |
| Extent | 184 P., |
| Withdrawn status | Lost status | Damaged status | Not for loan | Permanent Location | Current Location | Date acquired | Cost, normal purchase price | Full call number | Barcode | Date last seen | Price effective from | Koha item type | Source of classification or shelving scheme | Shelving location |
|---|---|---|---|---|---|---|---|---|---|---|---|---|---|---|
| BMS College of Architecture, Design and Planning | BMS College of Architecture, Design and Planning | 2020-03-03 | 1247.05 | 720.942 | CL-UG68726 | 2020-03-03 | 2020-03-03 | UG Books from CL | ||||||
| BMS College of Architecture, Design and Planning | BMS College of Architecture, Design and Planning | 2025-12-16 | 720.942 | AR-UG5176 | 2026-02-10 | 2026-02-10 | UG Books | General Stacks |